LEADER 01552nam a2200349 u 4500 001 000000073832 003 CaOOAMICUS 005 20070226122408.0 008 021125s2000 it a u000 u ita u 020 $a8822131142 035 $a10945692 040 $aPUL(R)$bita 245 00$aApprendere con le nuove tecnologie /$ca cura di Alessandra talamo ; con i contributi di Cesareni ... [et al.]. 260 $aFirenze :$bLa Nuova Italia,$c2000. 300 $a170 p. :$bill. ;$c22 cm 490 1 $aProgettare la scuola ;$v5$aTecnologie e linguaggi 490 1 $aI saperi di base 504 $aBibliografia: p. 165-170. 650 4$aApprendimento.$0(OLS)http://pul/subject/4539 650 4$aDidattica e nuove tecnologie.$0(OLS)http://pul/subject/25464 700 1 $aCesareni, Donatella.$0(OLS)http://pul/name/48907 700 1 $aTalamo, Alessandra.$0(OLS)http://pul/name/48906 830 2$aI saperi di base.$0(OLS)http://pul/title/97031 830 0$aProgettare la scuola ;$v5.$0(OLS)http://pul/title/97032 830 0$aProgettare la scuola.$pTecnologie e linguaggi.$0(OLS)http://pul/title/97033 850 $aPUL 852 $aPUL$W1$xSL Religione 2$y84$mRH E2 54$j95365$nBK-PRI$b $qStampati altre collocazioni$B95365$CPULBib$Z2$F95365 $H $81 941 1 $a10 961 $aINV: 87423 996 $6020$a8822131142$9(OLS)http://pul/number/95352 996 $6245$aApprendere con le nuove tecnologie$9(OLS)http://pul/title/97030 996 $6260$aFirenze :$bLa Nuova Italia$9(OLS)http://pul/publisher/48361 LEADER 01839nam a2200361 a 4500 001 000000169082 003 CaOOAMICUS 005 20180912103939.0 008 180912s2017 it a u000 u ita r 020 $a978-8889298404* 032 $aLibriCat 040 $aPUL$bita 082 04$a261.57 245 00$aBenedetto XVI :$bl'arte è una porta verso l'infinito. Teologia estetica per un nuovo Rinascimento /$ca cura di Monsignor Jean-Marie Gervais, Alessandro Notarnicola ; prefazione Cardinale Angelo Comastri ; saggio critico Mariano Apa ; tavole Bruno Ceccobelli. 260 $aPerugia :$bArs illuminandi,$c©2017$a[S.l.] :$bFabrizio Fabbri 300 $a174 p. :$bill. ;$c35 cm. 504 $aBibliografia in nota. 600 04$aBenedictus PP. XVI,$d1927-2022$xEstetica.$0(OLS)http://pul/subject/45618 650 4$aTeologia e arte.$0(OLS)http://pul/subject/45619 700 1 $aGervais, Jean-Marie.$0(OLS)http://pul/name/108931 700 1 $aNotarnicola, Alessandro.$0(OLS)http://pul/name/108932 700 1 $aComastri, Angelo,$ccard.$0(OLS)http://pul/name/41900 700 1 $aCeccobelli, Bruno.$0(OLS)http://pul/name/108933 700 1 $aApa, Mariano, 1954-$0(OLS)http://pul/name/93527 850 $aPUL 852 $aPUL$W1$xSL Religione 3$y85$m261. 57 GERJE 1$j192332$qDDC 21$B197047$CPULBib$Z2$F197047 $H131248 $81 941 1 $a9 996 $6020$a978-8889298404*$9(OLS)http://pul/number/164670 996 $6082$a261.57$9(OLS)http://pul/classification/3142 996 $6245$aBenedetto XVI :$bl'arte è una porta verso l'infinito. Teologia estetica per un nuovo Rinascimento$9(OLS)http://pul/title/209644 996 $6260$aPerugia :$bArs illuminandi$9(OLS)http://pul/publisher/82200 996 $6260$a[S.l.] :$bFabrizio Fabbri$9(OLS)http://pul/publisher/86872